00968cam a22002773a 4500001000500000005001700005020001700022040002300039050001500062082000900077100001700086245004900103260004000152300004000192490004500232500002600277505000800303520016300311521002000474521001800494650003200512650003100544650003800575650004700613655003000660122120230831113133.0 a078073004997 aLKRcLKRdDLCbeng00aPZ7.M47396 aFic 1 aMazer, Anne.10aTwo heads are better than one /cAnne Mazer. aNew York :bScholastic Inc.,c2002. a135 pages :billustrations ;c20 cm1 aThe amazing days of Abby Hayes ;vBook 7 a"An Apple paperback." aJ  aAbby is home sick when partners for the science fair are picked; when she gets back, she finds her partner is a boy. Abby has to find a way to work with him.0 a460 bLexile 1 aJ bLexile  0aPreteensvJuvenile fiction. 0aDiariesvJuvenile fiction. 0aGirlsxDiariesvJuvenile fiction. 0aSelf-esteem in childrenvJuvenile fiction. 7aChildren's stories.2lcsh